Seguir a Jesús: comentario del Evangelio de Lucas, capítulos 7, 8 y 9
Guardat en:
| Autor principal: | |
|---|---|
| Format: | Llibre |
| Idioma: | espanyol |
| Publicat: |
Santiago
Paulinas
1973
|
| Col·lecció: | Colección hombre nuevo, 4
|
| Matèries: | |
| Etiquetes: |
Afegir etiqueta
Sense etiquetes, Sigues el primer a etiquetar aquest registre!
|
MARC
| LEADER | 00000nam a2200000 a 4500 | ||
|---|---|---|---|
| 001 | UCW6926 | ||
| 003 | CL-VaPUC | ||
| 008 | 920710e19730000CL |||||||||||||||||spa|d | ||
| 082 | 0 | 4 | |a 226.4 |b BEN |2 21 |
| 100 | 0 | |a Benetti, Santos |e author |9 312005 | |
| 245 | 1 | 0 | |a Seguir a Jesús: comentario del Evangelio de Lucas, capítulos 7, 8 y 9 |
| 300 | |a 108 p | ||
| 942 | |c BK | ||
| 945 | |d 19920710 00:00:00 | ||
| 260 | |a Santiago |b Paulinas |c 1973 | ||
| 650 | 0 | |a Biblia |9 257603 | |
| 650 | 0 | |a Crítica e interpretación |9 255042 | |
| 583 | |a last modification |c 19920710 00:00:00 |k Rodrigo Vera | ||
| 490 | 0 | |a Colección hombre nuevo, 4 | |
| 999 | |c 219825 |d 219823 | ||